A Gata Borralheira (Registo nº 2112)

Detalhes MARC
000 -Etiqueta do registo
Cabeçalho 00855nam a22002771 4500
005 - Identificador da versão
Campo de controlo 20240813121925.0
095 ## -
-- PTBN00072124
100 ## - Dados gerais de processamento
Dados gerais de processamento 19980701d1982 cd y0pory5003 ba
102 ## - Pais de publicação ou produção
País de publicação Portugal
101 1# - Língua de publicação
Língua do texto, banda sonora, etc. Português
Língua do documento no original Francês
106 ## - Campo de dados codificados: material textual
Dados codificados do material textual r
105 ## - Campo de dados codificados: livros
Dados codificados dos livros a z 000fy
215 ## - Descrição física 
Indicação específica da natureza do documento e extensão da espécie 30, [2] p.
Outras indicações físicas muito il.
Dimensões 30 cm
200 1# - Titulo e menção de responsabilidade
Título próprio A Gata Borralheira
Primeira menção de responsabilidade Perrault
Outras menções de responsabilidade il. Jean-Léon Huens
-- versão portuguesa de Maria Teresa Mega
225 2# - Colecção 
Título próprio da colecção Verbo infantil
Nome de uma parte ou secção Série gigante
Indicação de volume 5
210 ## - Publicação, Distribuição, etc. 
Lugar da edição, distribuição, etc. Lisboa
Nome do editor, distribuidor, etc. Verbo
Data da publicação, distribuição, etc. [D.L. 1982]
606 ## - Nome comum usado como assunto
Número de registo de entrada de autoridade 0000001
Palavra de ordem Literatura estrangeira infantil
Subdivisão de assunto Conto
675 ## - Classificação Decimal Universal (CDU)
Notação 82-34
Edição
Língua da edição por
702 #1 - Nome de autor-pessoa física (responsabilidade secundária)
Número de registo de entrada de autoridade 0000856
Palavra de ordem Huens
Outra parte do nome não tomada para palavra de ordem Jean Léon
Código de função Ilustrador / Técnico de desenho computorizado
Número de registo de entrada de autoridade 0000857
Palavra de ordem Mega
Outra parte do nome não tomada para palavra de ordem Maria Teresa
Código de função Tradutor
700 #1 - Nome de autor-pessoa física (responsabilidade principal)
Número de registo de entrada de autoridade 0000048
Palavra de ordem Perrault
Outra parte do nome não tomada para palavra de ordem Charles
Datas 1628-1703
942 ## - Elementos de entrada adicionados (Koha)
Tipo de item no Koha Livro
Exemplares
Situação do levantamento Origin of item (home branch) (coded) Biblioteca de empréstimo Código de barras Cota Circulation type (not for loan) Tipo de documento Nota do exemplar Damaged status
  Biblioteca Escolar da Coca Maravilhas Biblioteca Escolar da Coca Maravilhas BECM4073/98 8EST PER   Livro Sem mensagem